000 00504nam a2200181Ia 4500
005 20250326141616.0
008 250326s9999 xx 000 0 und d
037 _aTextbook
040 _aFMSL
_beng
_cFMSL
041 _aeng
_2eng
084 _qFMSL
100 _aHall D R
_9744756
245 0 _aTourism and economic development in eastern europe and the soviet union
_cHall D R
260 _aLondon
_bLondon, Belhaven press
_c1991
300 _a338p
942 _cTB
999 _c1291127
_d1291127